000 00688nam a2200253Ia 4500
003 OSt
005 20221007065111.0
006 a|||||r|||| 00| 0
007 ta
008 221006b |||||||| |||| 00| 0 eng d
020 _a8185200912
024 _a2,479
037 _cReference Collections
040 _aFLL
_cFLL
_beng
041 _2eng
_aeng
082 _aZQ2, L7.4
100 _aDerrett J.D. Au.
_9686650
245 0 _aEssay in classical and modern hindu law
250 _a1st
260 _aDelhi
_bUniversal Book Traders India
_c1977
650 _aHindu law
942 _hZQ2, L7.4
_cREF
_2CC
999 _c1136300
_d1136300